[Event "Chigorin Memorial 23rd"]
[Site "St Petersburg"]
[Date "2015.10.05"]
[Round "3"]
[White "Leontiev, Aleksandr V"]
[Black "Movldiev, Ibragim"]
[Result "1-0"]
[WhiteElo "2281"]
[BlackElo "2047"]
[PlyCount "49"]
[EventDate "2015.10.03"]
[EventType "swiss"]
[EventRounds "9"]
[EventCountry "RUS"]
[SourceTitle "CBM 168 Extra"]
[Source "ChessBase"]
[SourceDate "2015.10.29"]
[SourceVersion "1"]
[SourceVersionDate "2015.10.29"]
[SourceQuality "1"]

1. c4 e5 2. Nc3 Nf6 3. Nf3 Nc6 4. e3 Bb4 5. Qc2 0-0 6. Nd5 a5 7. a3 Bc5 8. Ng5 g6 9. h4 d6 10. Bd3 Nxd5 11. cxd5 Ne7 12. h5 f5 13. hxg6 hxg6 14. Rh6 Rf6 15. b3 Kg7 16. Rh7+ Kf8 17. Bb2 c6 18. Rh8+ Ng8 19. Qc4 Qe7 20. 0-0-0 cxd5 21. Qxd5 Re6 22. f4 Bd7 23. Rdh1 Re8 24. R1h7 Qf6 25. Rxd7 1-0

[Event "RUS-chT2"]
[Site "Sochi"]
[Date "2015.05.07"]
[Round "7.10"]
[White "Bagdasarov, Eduard1111"]
[Black "Movldiev, Ibragim"]
[Result "0-1"]
[WhiteElo "1970"]
[BlackElo "2076"]
[PlyCount "110"]
[EventDate "2015.05.01"]
[EventType "team-swiss"]
[EventRounds "7"]
[EventCountry "RUS"]
[SourceTitle "CBM 166 Extra"]
[Source "ChessBase"]
[SourceDate "2015.06.18"]
[SourceVersion "1"]
[SourceVersionDate "2015.06.18"]
[SourceQuality "1"]
[WhiteTeam "Vladikavkaz Caucasus"]
[BlackTeam "Chechen Republic"]
[WhiteTeamCountry "RUS"]
[BlackTeamCountry "RUS"]

1. e4 c5 2. Ne2 a6 3. d4 cxd4 4. Nxd4 Nf6 5. Nc3 e5 6. Nf5 d5 7. Ng3 d4 8. Nb1 Nc6 9. Bd3 Be6 10. 0-0 Bd6 11. c3 Qc7 12. cxd4 Nxd4 13. Ne2 Nc6 14. a3 Rd8 15. Qc2 Na5 16. Nd2 0-0 17. b4 Qxc2 18. Bxc2 Nc4 19. Ng3 Bc7 20. Nb3 Nd7 21. Nf5 Bb6 22. Rd1 h6 23. h3 Nb8 24. Nc5 Bxc5 25. bxc5 Bxf5 26. exf5 Rxd1+ 27. Bxd1 Nd7 28. Be2 Na5 29. Be3 Nb3 30. Rd1 Nbxc5 31. Rd5 Rc8 32. Bxc5 Nxc5 33. Rxe5 Kf8 34. g4 b6 35. Rd5 Ke7 36. Bc4 f6 37. Rd1 Rc7 38. Rb1 b5 39. Re1+ Kd6 40. Be2 Nb3 41. Rd1+ Kc5 42. Bf3 Nd4 43. Ba8 a5 44. Rc1+ Kb6 45. Rd1 Ne2+ 46. Kg2 Nc3 47. Rd6+ Kc5 48. Ra6 a4 49. Re6 Kc4 50. Rb6 Nb1 51. Bd5+ Kc5 52. Rb8 Nxa3 53. Be6 Nc4 54. f4 Ra7 55. Bc8 a3 0-1

[Event "RUS-chT2"]
[Site "Sochi"]
[Date "2015.05.01"]
[Round "1.9"]
[White "Vasilevich, Tatjana"]
[Black "Movldiev, Ibragim"]
[Result "1-0"]
[WhiteElo "2404"]
[BlackElo "2076"]
[PlyCount "105"]
[EventDate "2015.05.01"]
[EventType "team-swiss"]
[EventRounds "7"]
[EventCountry "RUS"]
[SourceTitle "CBM 166 Extra"]
[Source "ChessBase"]
[SourceDate "2015.06.18"]
[SourceVersion "1"]
[SourceVersionDate "2015.06.18"]
[SourceQuality "1"]
[WhiteTeam "Crimea"]
[BlackTeam "Chechen Republic"]
[WhiteTeamCountry "RUS"]
[BlackTeamCountry "RUS"]

1. d4 d6 2. e4 Nf6 3. f3 c5 4. d5 Qa5+ 5. Bd2 Qb6 6. Na3 g6 7. Nc4 Qc7 8. a4 Bg7 9. Ne2 b6 10. Nc3 a6 11. Be2 0-0 12. 0-0 Nbd7 13. Be3 Rb8 14. Qd2 Re8 15. Rfb1 h5 16. Kh1 Kh7 17. h3 Ng8 18. g4 hxg4 19. hxg4 b5 20. axb5 axb5 21. Na5 c4 22. Nc6 Rb7 23. Na7 Qb8 24. Nc6 Qc7 25. Ra5 Bxc3 26. bxc3 Nb8 27. Kg2 f6 28. Rh1+ Kg7 29. Qe1 e5 30. Qh4 Nxc6 31. dxc6 Qxc6 32. Qh7+ Kf8 33. Qxg6 Rg7 34. Qh5 Be6 35. Qh8 Kf7 36. Rh7 Rxh7 37. Qxh7+ Kf8 38. Bh6+ Nxh6 39. Qxh6+ Ke7 40. Ra7+ Bd7 41. Qg7+ Ke6 42. g5 fxg5 43. Qg6+ Ke7 44. f4 Kd8 45. fxg5 Rf8 46. Bf3 Bh3+ 47. Kg3 Qb6 48. Ra8+ Bc8 49. Kg2 Ke7 50. Rxc8 Rxc8 51. Qg7+ Kd8 52. Bg4 Qc6 53. Qf8+ 1-0

[Event "RUS Cup op"]
[Site "Dombai"]
[Date "2013.10.26"]
[Round "9"]
[White "Rumiantseva, Ksenia"]
[Black "Movldiev, Ibragim"]
[Result "1-0"]
[WhiteElo "1924"]
[BlackElo "2091"]
[PlyCount "69"]
[EventDate "2013.10.18"]
[EventType "swiss"]
[EventRounds "9"]
[EventCountry "RUS"]
[SourceTitle "EXT 2015"]
[Source "ChessBase"]
[SourceDate "2014.11.20"]
[SourceVersion "1"]
[SourceVersionDate "2014.11.20"]
[SourceQuality "1"]

1. e4 e5 2. Nf3 Nc6 3. Nc3 Nf6 4. Bb5 Bb4 5. 0-0 0-0 6. d3 Bxc3 7. bxc3 d6 8. Re1 Qe7 9. d4 Bg4 10. Rb1 Nd7 11. Ba3 f5 12. exf5 Rxf5 13. Be2 e4 14. Nd2 e3 15. Nf3 Nb6 16. h3 Bxf3 17. Bxf3 exf2+ 18. Kxf2 Qh4+ 19. Kg1 Raf8 20. Re4 Qf6 21. Bg4 Rg5 22. Qe1 Kh8 23. Bc1 Ra5 24. Rf4 Qd8 25. Rxf8+ Qxf8 26. a3 Ne7 27. c4 Ra4 28. c5 dxc5 29. dxc5 Nbd5 30. Rxb7 a5 31. Rb3 Rc4 32. Rf3 Qb8 33. Qf1 Qb5 34. Rf8+ Ng8 35. Rxg8+ 1-0

[Event "RUS Cup op"]
[Site "Dombai"]
[Date "2013.10.25"]
[Round "8"]
[White "Movldiev, Ibragim"]
[Black "Abdurzukov, Khasbulat"]
[Result "0-1"]
[WhiteElo "2091"]
[BlackElo "1976"]
[PlyCount "88"]
[EventDate "2013.10.18"]
[EventType "swiss"]
[EventRounds "9"]
[EventCountry "RUS"]
[SourceTitle "EXT 2015"]
[Source "ChessBase"]
[SourceDate "2014.11.20"]
[SourceVersion "1"]
[SourceVersionDate "2014.11.20"]
[SourceQuality "1"]

1. e4 c5 2. Nf3 d6 3. c3 Nf6 4. Bd3 e5 5. 0-0 Bg4 6. Bc2 Nc6 7. d3 Be7 8. Nbd2 0-0 9. Nc4 d5 10. Ne3 Bh5 11. Qe2 d4 12. Nf5 Nd7 13. h3 Bxf3 14. Qxf3 Bf6 15. Qg4 Ne7 16. Ng3 Ng6 17. Nh5 b5 18. g3 c4 19. cxd4 exd4 20. f4 Be7 21. a4 b4 22. dxc4 d3 23. Bd1 Bc5+ 24. Kg2 d2 25. Bxd2 Nde5 26. Qe2 Nxc4 27. Bc1 Qd4 28. Bb3 Ne3+ 29. Bxe3 Qxe3 30. Qxe3 Bxe3 31. Rad1 Rad8 32. Kf3 Bb6 33. Rxd8 Rxd8 34. Bd5 Ne7 35. Rd1 Nc6 36. e5 Nd4+ 37. Ke4 Ne6 38. h4 Nc5+ 39. Kf3 Nxa4 40. e6 fxe6 41. Bxe6+ Kf8 42. Rb1 g6 43. Nf6 Ke7 44. Bb3 Rd3+ 0-1

[Event "RUS Cup op"]
[Site "Dombai"]
[Date "2013.10.24"]
[Round "7"]
[White "Movldiev, Ibragim"]
[Black "Bimiev, Ahmad"]
[Result "0-1"]
[WhiteElo "2091"]
[BlackElo "1926"]
[PlyCount "126"]
[EventDate "2013.10.18"]
[EventType "swiss"]
[EventRounds "9"]
[EventCountry "RUS"]
[SourceTitle "EXT 2015"]
[Source "ChessBase"]
[SourceDate "2014.11.20"]
[SourceVersion "1"]
[SourceVersionDate "2014.11.20"]
[SourceQuality "1"]

1. d4 Nf6 2. Bg5 g6 3. c4 Bg7 4. Nc3 h6 5. Bh4 d6 6. Nf3 Bf5 7. e3 Nc6 8. d5 Nb8 9. Nd4 Bd7 10. Bd3 0-0 11. 0-0 c5 12. Nde2 Na6 13. Rc1 Nc7 14. h3 a6 15. f4 b5 16. b3 b4 17. Nb1 Qe8 18. Nd2 Nh7 19. e4 e6 20. e5 exd5 21. exd6 Qe3+ 22. Rf2 Qxd3 23. dxc7 Rfe8 24. cxd5 g5 25. fxg5 hxg5 26. Nc4 Qxd1+ 27. Rxd1 gxh4 28. Nb6 Ra7 29. Nxd7 Rxc7 30. Nb6 Nf6 31. Nf4 Rb7 32. Na4 Ne4 33. Re2 Bd4+ 34. Kh2 f5 35. Ne6 Rd7 36. Nexc5 Rxd5 37. Rc1 Rc8 38. Nd3 Be5+ 39. g3 Bxg3+ 40. Kg2 Rxc1 41. Nxc1 Rd1 42. Rc2 Ng5 43. Nb2 Re1 44. Nbd3 Rd1 45. Nb2 Rd5 46. Ne2 Be5 47. Nc4 Rc5 48. Rd2 Bc7 49. Rd4 Ne4 50. Ne3 Ng3 51. Nxg3 hxg3 52. Rxb4 Re5 53. Kf3 f4 54. Ng2 Rf5 55. Rb7 Rc5 56. Nh4 Rc3+ 57. Kg2 Rc2+ 58. Kf1 Be5 59. a4 Bf6 60. Nf5 g2+ 61. Kg1 f3 62. Nh6+ Kf8 63. Rb8+ Kg7 0-1

[Event "Astrakhan op"]
[Site "Astrakhan"]
[Date "2013.08.18"]
[Round "5"]
[White "Kruzhilin, Aleksey"]
[Black "Movldiev, Ibragim"]
[Result "1-0"]
[WhiteElo "1953"]
[BlackElo "2083"]
[PlyCount "64"]
[EventDate "2013.08.14"]
[EventType "swiss"]
[EventRounds "9"]
[EventCountry "RUS"]
[SourceTitle "CBM 156 Extra"]
[Source "ChessBase"]
[SourceDate "2013.10.22"]
[SourceVersion "1"]
[SourceVersionDate "2013.10.22"]
[SourceQuality "1"]

1. Nf3 g6 2. c4 Bg7 3. Nc3 Nf6 4. e4 d6 5. d4 0-0 6. Be2 e5 7. 0-0 Nc6 8. d5 Ne7 9. Ne1 Ne8 10. Be3 f5 11. f3 f4 12. Bf2 g5 13. c5 Ng6 14. cxd6 cxd6 15. a4 Nf6 16. a5 h5 17. Nb5 g4 18. Bxa7 g3 19. Bb6 Qe7 20. Nc7 Nh7 21. Ne6 Re8 22. h3 Qh4 23. Bc4 Ngf8 24. Rc1 Nxe6 25. dxe6 Qe7 26. Bd5 Bxe6 27. Rc7 Qh4 28. Bxe6+ Rxe6 29. Qd5 Rae8 30. Qxb7 R8e7 31. Rxe7 Rxe7 32. Qc8+ Kf7 1-0

[Event "Astrakhan op"]
[Site "Astrakhan"]
[Date "2013.08.14"]
[Round "1"]
[White "Kuanova, Ilmira"]
[Black "Movldiev, Ibragim"]
[Result "0-1"]
[WhiteElo "1764"]
[BlackElo "2083"]
[PlyCount "92"]
[EventDate "2013.08.14"]
[EventType "swiss"]
[EventRounds "9"]
[EventCountry "RUS"]
[SourceTitle "CBM 156 Extra"]
[Source "ChessBase"]
[SourceDate "2013.10.22"]
[SourceVersion "1"]
[SourceVersionDate "2013.10.22"]
[SourceQuality "1"]

1. d4 d6 2. e4 g6 3. g3 Bg7 4. Bg2 Nf6 5. f4 0-0 6. Ne2 c5 7. c3 Qb6 8. d5 e6 9. dxe6 Bxe6 10. 0-0 Bc4 11. b3 Ba6 12. Kh1 Re8 13. Qc2 Nc6 14. Re1 Ng4 15. Ng1 Bd3 16. Qd2 Bxb1 17. Rxb1 Bxc3 18. Qe2 Bxe1 19. Qxg4 Bc3 20. f5 Ne5 21. Qh4 Qd8 22. Bg5 f6 23. Be3 Qe7 24. Ne2 Ba5 25. fxg6 hxg6 26. Rf1 g5 27. Qh3 Kg7 28. Ng1 Qd7 29. Qxd7+ Nxd7 30. Rd1 Bc7 31. Bc1 Ne5 32. Nf3 Rad8 33. Ba3 Ng4 34. Kg1 Ne3 35. Rc1 Nxg2 36. Kxg2 Rxe4 37. Rc2 g4 38. Nh4 Rde8 39. Kf2 c4 40. Nf5+ Kg6 41. Nxd6 Bb6+ 42. Kg2 Re1 43. h4 R8e2+ 44. Rxe2 Rxe2+ 45. Kf1 Rf2+ 46. Ke1 c3 0-1

[Event "Nalchik SKFO-ch"]
[Site "Nalchik"]
[Date "2013.03.16"]
[Round "3"]
[White "Kruchev, Boris"]
[Black "Movldiev, Ibragim"]
[Result "1-0"]
[WhiteElo "2265"]
[BlackElo "2108"]
[PlyCount "138"]
[EventDate "2013.03.13"]
[EventType "swiss"]
[EventRounds "9"]
[EventCountry "RUS"]
[SourceTitle "CBM 153 Extra"]
[Source "ChessBase"]
[SourceDate "2013.04.22"]
[SourceVersion "1"]
[SourceVersionDate "2013.04.22"]
[SourceQuality "1"]

1. e4 e6 2. d4 d5 3. Nd2 c5 4. exd5 exd5 5. Ngf3 Nf6 6. Bb5+ Nc6 7. 0-0 Be7 8. dxc5 0-0 9. Nb3 Bg4 10. Be3 Ne4 11. h3 Bh5 12. Be2 f5 13. Nfd4 Bxe2 14. Nxe2 Qd7 15. c4 Rad8 16. cxd5 Qxd5 17. Qxd5+ Rxd5 18. Nf4 Re5 19. Rfd1 g5 20. Nd5 f4 21. Nxe7+ Nxe7 22. Bd4 Re6 23. Re1 Kf7 24. f3 Ng3 25. Rxe6 Kxe6 26. Re1+ Kf7 27. Bf2 Ngf5 28. Rd1 Ke6 29. Re1+ Kf7 30. Nd2 Rd8 31. Ne4 h6 32. b4 Rd3 33. h4 gxh4 34. Kh2 a6 35. Kh3 Nd5 36. Bxh4 Nxh4 37. Kxh4 Ne3 38. Kh3 Rd4 39. g3 Nc2 40. Re2 Nxb4 41. gxf4 Nd3 42. Kg4 h5+ 43. Kg5 Rd5+ 44. f5 Nxc5 45. Nxc5 Rxc5 46. Rh2 Rc8 47. Rxh5 Rg8+ 48. Kf4 Rg2 49. Rh7+ Kf6 50. a4 Ra2 51. Rh6+ Kg7 52. Rb6 Rxa4+ 53. Kg5 Ra3 54. Rxb7+ Kf8 55. Kf6 Ke8 56. Ra7 Rxf3 57. Rxa6 Rf1 58. Ra8+ Kd7 59. Rf8 Re1 60. Kg7 Rg1+ 61. Kf7 Rh1 62. f6 Rh7+ 63. Kg6 Rh1 64. Ra8 Rg1+ 65. Kf7 Rh1 66. Ra4 Rh7+ 67. Kg8 Rh2 68. f7 Rg2+ 69. Kf8 Rb2 1-0

[Event "Doroshkevich Memorial op"]
[Site "Belorechensk"]
[Date "2009.05.23"]
[Round "1"]
[White "Lastin, Alexander"]
[Black "Movldiev, Ibragim"]
[Result "1-0"]
[WhiteElo "2650"]
[BlackElo "2139"]
[PlyCount "43"]
[EventDate "2009.05.23"]
[EventType "swiss"]
[EventRounds "9"]
[EventCountry "RUS"]
[SourceTitle "CBM 130 Extra"]
[Source "ChessBase"]
[SourceDate "2009.07.02"]
[SourceVersion "2"]
[SourceVersionDate "2009.07.15"]
[SourceQuality "1"]

1. e4 e6 2. d4 d5 3. Nd2 dxe4 4. Nxe4 Nd7 5. Nf3 Ngf6 6. Nxf6+ Nxf6 7. Be3 Be7 8. Bd3 0-0 9. Qe2 Nd5 10. Bd2 Bd7 11. Ne5 Bc6 12. 0-0 Nf6 13. c3 Qd5 14. f4 Rfe8 15. b3 a5 16. Rae1 a4 17. f5 Bd7 18. Bc4 Qd6 19. Nxf7 Kxf7 20. fxe6+ Bxe6 21. Bxe6+ Kf8 22. Qh5 1-0

[Event "RUS-ch zt qual 62nd"]
[Site "Armavir"]
[Date "2009.03.??"]
[Round "4"]
[White "Kudelya, Igor"]
[Black "Movldiev, Ibragim"]
[Result "1/2-1/2"]
[WhiteElo "1872"]
[BlackElo "2139"]
[PlyCount "65"]
[EventDate "2009.03.21"]
[EventType "swiss"]
[EventRounds "9"]
[EventCountry "RUS"]
[SourceTitle "EXT 2022"]
[Source "ChessBase"]
[SourceDate "2021.10.06"]
[SourceVersion "1"]
[SourceVersionDate "2021.10.06"]
[SourceQuality "1"]

1. e4 c5 2. Nf3 d6 3. d4 cxd4 4. Nxd4 Nf6 5. Nc3 a6 6. Be2 e5 7. Nb3 Be6 8. Bf3 Nbd7 9. a4 Be7 10. Be3 Nb6 11. 0-0 Nc4 12. Bc1 0-0 13. Re1 Rc8 14. Be2 Nd7 15. Nd2 Nxd2 16. Bxd2 f5 17. exf5 Bxf5 18. Bf3 Rb8 19. Be3 Nf6 20. a5 Qd7 21. Bg5 Rfc8 22. Qd2 Rc5 23. Red1 Rbc8 24. Bxf6 gxf6 25. Bd5+ Kh8 26. Re1 Bd8 27. Qh6 Qg7 28. Qxg7+ Kxg7 29. Bxb7 Rb8 30. Bxa6 Bxa5 31. Red1 Bc7 32. Bf1 Bxc2 33. Rd5 1/2-1/2

[Event "Doroshkevich Memorial op"]
[Site "Maikop"]
[Date "2008.05.31"]
[Round "8"]
[White "Movldiev, Ibragim"]
[Black "Chashchev, Sergey"]
[Result "1-0"]
[WhiteElo "2024"]
[BlackElo "2310"]
[PlyCount "97"]
[EventDate "2008.05.24"]
[EventType "swiss"]
[EventRounds "9"]
[EventCountry "RUS"]
[SourceTitle "CBM 124 Extra"]
[Source "ChessBase"]
[SourceDate "2008.07.03"]
[SourceVersion "1"]
[SourceVersionDate "2008.07.03"]
[SourceQuality "1"]

1. e4 d6 2. d4 Nf6 3. Nc3 g6 4. Nf3 Bg7 5. Be2 0-0 6. 0-0 c6 7. h3 Qc7 8. Be3 Nbd7 9. Qd2 Re8 10. Rad1 b5 11. Bd3 a6 12. Nh2 e5 13. dxe5 dxe5 14. f4 Bb7 15. f5 c5 16. g4 c4 17. fxg6 hxg6 18. Be2 Nf8 19. Bf3 Rad8 20. Qf2 Rxd1 21. Rxd1 b4 22. Bb6 Qc8 23. Nd5 Nxd5 24. exd5 e4 25. Be2 Nd7 26. Bd4 Be5 27. c3 bxc3 28. Bxc3 Bxc3 29. bxc3 Ne5 30. Qd4 Nd3 31. Nf1 Qd8 32. Bxd3 exd3 33. Qxc4 Qxd5 34. Qxd5 Bxd5 35. Rxd3 Bxa2 36. Rd2 Be6 37. Ne3 a5 38. c4 Rc8 39. Ra2 Rc5 40. Kf2 Kg7 41. Kf3 Kh6 42. h4 f6 43. Kg3 Bd7 44. Kf4 Bc6 45. Kg3 Re5 46. Ra3 a4 47. Nd5 Kg7 48. Ne3 Kf7 49. Nd5 1-0

[Event "RUS-ch 60th zt"]
[Site "Rostov on Don"]
[Date "2007.03.??"]
[Round "6"]
[White "Travkina, Anastasia"]
[Black "Movldiev, Ibragim"]
[Result "0-1"]
[WhiteElo "2029"]
[BlackElo "1981"]
[PlyCount "86"]
[EventDate "2007.03.16"]
[EventType "swiss"]
[EventRounds "9"]
[EventCountry "RUS"]
[SourceTitle "EXT 2022"]
[Source "ChessBase"]
[SourceDate "2021.10.06"]
[SourceVersion "1"]
[SourceVersionDate "2021.10.06"]
[SourceQuality "1"]

1. e4 e5 2. Nf3 Nc6 3. Bc4 Bc5 4. b4 Bxb4 5. c3 Ba5 6. Qb3 Qf6 7. 0-0 Bb6 8. Qc2 d6 9. Bb2 Bg4 10. Be2 Nge7 11. Na3 Ng6 12. d3 Nf4 13. Kh1 Qg6 14. Nc4 Bh3 15. g3 Bxf1 16. Bxf1 Ne6 17. Ne3 Bxe3 18. fxe3 0-0 19. Nh4 Qf6 20. Bg2 g6 21. d4 Ng7 22. Bh3 Qe7 23. Rf1 Rae8 24. d5 Nb8 25. Qb3 Nd7 26. Ba3 b6 27. Qc2 Nc5 28. Kg1 Rb8 29. Bb4 Qe8 30. Bxc5 bxc5 31. a4 Rb6 32. Ra1 Qb8 33. Ra2 Rb1+ 34. Kg2 Qb3 35. Bd7 Rb8 36. Bb5 Rb6 37. c4 a6 38. a5 Qxc2+ 39. Rxc2 axb5 40. axb6 cxb6 41. Ra2 bxc4 42. Nf3 c3 43. Kh3 Nh5 0-1